000 nam a22 a 4500
999 _c2322
_d2322
005 20170516094555.0
008 170516b1981 -us||||| |||| 00| 0 eng d
020 _a0833216139
040 _aAKMAL
082 0 4 _a400 EAS
090 _a400
_bEAS
100 _aEaston, Lois Brown
_94848
245 _aExpressways:
_bA Basic Language Program
260 _aOklahoma
_bThe Economy Company
_c1981
300 _a131p
_c24cm
942 _2ddc
_cBOOK